Základy náuky o riešení rovníc /
Saved in:
| Main Author: | |
|---|---|
| Format: | Book |
| Language: | Slovak |
| Published: |
Bratislava :
Veda,
1968
|
| Edition: | 2.vyd. |
| Tags: |
No Tags, Be the first to tag this record!
|
MARC
| LEADER | 00000nam a22000003a 4500 | ||
|---|---|---|---|
| 001 | stu705 | ||
| 005 | 20150617225618.3 | ||
| 008 | 910614s1968----cs------------------slo-d | ||
| 040 | |a STU |b slo | ||
| 041 | 0 | |a slo | |
| 044 | |a cs | ||
| 080 | |a 512.3 | ||
| 080 | |a 517 |7 stu_us_auth*stu8334 | ||
| 100 | 1 | |a Schwarz, Štefan |4 aut | |
| 245 | 1 | |a Základy náuky o riešení rovníc / |c [aut.] Schwarz,řtefan | |
| 250 | |a 2.vyd. | ||
| 260 | |a Bratislava : |b Veda, |c 1968 | ||
| 300 | |a 454 s | ||
| 996 | |b 284EK01911 |c E*19917 |l EE01 |s A |a 24 |w stu705_0002 | ||
| 996 | |b 284EK01913 |c E*19915 |l EE0101 |s P |a 0 |w stu705_0004 | ||